000 00675nam a2200253Ia 4500
001 dia_3254
003 CHAP
005 20230327093249.0
008 220117s1998 xx 000 0 und d
010 _a173751
020 _a84-282-1150-7
040 _cCHAP
082 _a635.8 L3Y
100 _aLaessoe, Thomas
_964375
245 _aManuales de Identificación de Hongos /
_c por Thomas Laessoe
260 _a(Barcelona) EspaƱa :
_b Omega,
_c1998
300 _a304 p.
503 _aI.225794
650 _a1.Hongos
_9149128
901 _a635.8 L3Y
902 _aM
905 _a0000001998 SP A 0000000000SPA00
942 _cLIBRO
_2ddc
999 _c173751
_d173751